000 00439nam a2200157 4500
001 116508
003 ES-MaACL
005 20230906190723.0
007 t|
008 061121s1921 fr r ||||1| fre d
100 1 _aPaulhan, Frédéric (
_d1856-1931)
_989647
245 1 3 _aLe mensonge du monde /
_cpar Fr. Paulhan.
260 _aParis :
_bLibrairie Félix Alcan,
_c1921.
300 _a362 p. ;
_c22 x 14 cm.
852 _aES-MaACL
_jB-7010
999 _c116508
_d116508